000 00298nam a2200133Ia 4500
008 190216s9999||||xx |||||||||||||| ||und||
100 _aPillai. A.R
245 0 _aReserve Bank Of India Functions
250 _a1st Ed.
260 _bNull
_c1964
300 _a174
650 _aEconomics
942 _cBK
999 _c9505
_d9505